000 00324cam a22001217a 4500
008 180718b1987 xxu||||| |||| 00| 0 eng d
082 _aI5372053 N164 R
100 _aNarang, M.L.
245 _aDictionary of computers
_cby M.L. Narang
260 _aDelhi
_bAnmol
_c1987
300 _a274p.
650 _aComputers - Dictionaries
999 _c349736
_d349736